Central Library OPAC University of Rajshahi

The American approach to foreign policy / (Record no. 42199)

MARC details
000 -LEADER
fixed length control field 00694nam a2200229 a 4500
001 - CONTROL NUMBER
control field 42199
003 - CONTROL NUMBER IDENTIFIER
rucl marc code (BD-RJUL)
005 - DATE AND TIME OF LATEST TRANSACTION
control field 20211209053515.0
008 - FIXED-LENGTH DATA ELEMENTS--GENERAL INFORMATION
fixed length control field 160611s1962 enk b 000 0 eng
035 ## - SYSTEM CONTROL NUMBER
System control number (BD-RJUL) 42317
040 ## - CATALOGING SOURCE
Original cataloging agency DLC
Transcribing agency WSU
Modifying agency m.c
-- OCL
-- (BD-RJUL)
Language of cataloging eng
041 ## - LANGUAGE CODE
Language code of text/sound track or separate title eng
082 ## - DEWEY DECIMAL CLASSIFICATION NUMBER
Edition number 23
Classification number 327.73
Author mark and year PEA 1962
100 1# - MAIN ENTRY--PERSONAL NAME
Personal name Perkins, Dexter,
Dates associated with a name 1889-
9 (RLIN) 129777
245 14 - TITLE STATEMENT
Title The American approach to foreign policy /
Statement of responsibility, etc. Dexter Perkins
250 ## - EDITION STATEMENT
Edition statement Rev. ed.
260 ## - PUBLICATION, DISTRIBUTION, ETC. (IMPRINT)
Place of publication, distribution, etc. Cambridge, Mass :
Name of publisher, distributor, etc. Harvard University Press,
Date of publication, distribution, etc. 1962
300 ## - PHYSICAL DESCRIPTION
Pagination vii, 247 p. ;
Size 22 cm.
504 ## - BIBLIOGRAPHY, ETC. NOTE
Bibliography, etc Includes bibliography
651 #0 - SUBJECT ADDED ENTRY--GEOGRAPHIC NAME
Geographic name United States
General subdivision Foreign relations
9 (RLIN) 129778
942 ## - ADDED ENTRY ELEMENTS (KOHA)
Source of classification or shelving scheme Dewey Decimal Classification
Koha item type Books
Holdings
Lost status Source of classification or shelving scheme Damaged status Not for loan Collection code Permanent Location Current Location Shelving location Date acquired Source of acquisition Cost, normal purchase price Total Checkouts Full call number Date last seen Copy number Koha item type
  Dewey Decimal Classification   Not For Loan Non-fiction Central Library, University of Rajshahi Central Library, University of Rajshahi Reading Room 10/12/1965 Zeit 40.00   327.73 PEA 1962 11/06/2016 C-1 Books